Minimálny a maximálny vymeriavací základ - sociálne a zdravotné poistenie

Odvody na sociálne a zdravotné poistenie patria k hlavným odvodovým povinnostiam týkajúcich sa každodenného života. Čo je sociálne poistenie. Vymeriavací základ zamestnanca. Vymeriavací základ pre samostatne zárobkovo činnú osobu. Poistenec, ktorý má príjem z dividend a vymeriavací základ.

Salvato in:
Dettagli Bibliografici
Autore principale: Mrukviová Tomiová, Sandra
Natura: Capitolo di libro
Lingua:slovacco
Soggetti:
Tags: Aggiungi Tag
Nessun Tag, puoi essere il primo ad aggiungerne!!

MARC

LEADER 00000naa a2200000 4500
001 0229565
005 20170426090149.8
041 0 |a slo 
044 |a SK 
245 1 0 |a Minimálny a maximálny vymeriavací základ - sociálne a zdravotné poistenie  |c Sandra Mrukviová Tomiová 
520 |a Odvody na sociálne a zdravotné poistenie patria k hlavným odvodovým povinnostiam týkajúcich sa každodenného života. Čo je sociálne poistenie. Vymeriavací základ zamestnanca. Vymeriavací základ pre samostatne zárobkovo činnú osobu. Poistenec, ktorý má príjem z dividend a vymeriavací základ. 
610 2 0 |a poistenie sociálne 
610 2 0 |a poistenie zdravotné 
610 2 0 |a poistenie dobrovoľné 
610 2 0 |a poistenie dôchodkové 
610 2 0 |a poistné 
610 2 0 |a základ vymeriavací 
100 1 |a Mrukviová Tomiová, Sandra